000 01182nab a22002777a 4500
999 _c6526
_d6526
003 OSt
005 20260219124424.0
008 190429b xxu||||| |||| 00| 0 spa d
040 _cPJ
100 _94061
_aAhargo, Ignacio
245 1 3 _aEl problema de la acusación múltiple /
_cIgnacio Ahargo, Francisco M. Pereyra.
260 _cCiudad Autónoma de Buenos Aires :
_aThomson Reuters La Ley,
_b2024.
300 _ap. 79-87
500 _aCita: TR LALEY AR/DOC/1709/2024
505 _aSumario: I. Introducción.— II. Acusadores múltiples, garantías y modos de organización.— III. Conclusiones.— IV. Bibliografía.
505 _tSi te interesa el texto completo, solicitalo a koha@justierradelfuego.gov.ar
650 0 _9343
_aDERECHO PENAL
650 0 _92348
_aPROCESO PENAL
650 0 _92676
_aJUICIO ORAL
650 0 _94471
_aFACULTADES DEL QUERELLANTE
650 0 _93637
_aTUTELA JUDICIAL EFECTIVA
650 0 _92361
_aLITISCONSORCIO
700 _96845
_aPereyra, Francisco M.
773 0 _02658
_93164
_tRevista de derecho penal y criminología. Nº 8 - Agosto 2024
_dCiudad Autónoma de Buenos Aires : Thomson Reuters La Ley, 2017-
_x00347914
942 _2udc
_cANA